000 00959cab a2200349 4500
001 ABS53712
008 090401t1995 xxu||||| |||| 00| 0 eng d
035 _a(Sirsi) u6120
041 _aeng
245 _aEstates Times survey: Greater Manchester update
260 _c1995
350 _a0
490 _aEstates Times
_v(1299) 20 October 1995, 25-36(12)
650 _aCASTLEFIELD
650 _aDISTRIBUTION MARKET
650 _aGREATER MANCHESTER
650 _aINDUSTRIAL RENTS
650 _aINVESTMENT MARKET
650 _aMANCHESTER AIRPORT
650 _aMANCHESTER
650 _aPROPERTY-COMMERCIAL PROPERTY-OFFICE PROPERTY-OFFICE PROPERTY MARKET
650 _aRETAIL RENTS
650 _aROCHDALE
650 _aSALE
650 _aSALFORD QUAYS
650 _aSTOCKPORT
650 _aTRAFFORD CENTRE
650 _aWIGAN
690 _aPROPERTY-COMMERCIAL PROPERTY-COMMERCIAL PROPERTY MARKET
942 _n0
948 _c04/03/1997
999 _c3674
_d3674